Plant biochemistry (Record no. 311479)

MARC details
000 -LEADER
fixed length control field 00534 a2200217 4500
005 - DATE & TIME
control field 20240228094539.0
008 - FIXED-LENGTH DATA ELEMENTS--GENERAL INFORMATION
fixed length control field 240223b |||||||| |||| 00| 0 eng d
020 ## - ISBN
International Standard Book Number 9780815344995
Price £ 66.99
040 ## - CATALOGING SOURCE
Original cataloging agency VIVEKANANDA LIBRARY
082 ## - DDC NUMBER
Classification number 581.192
Book Number B687P(2)
100 ## - MAIN ENTRY--PERSONAL NAME
Personal name Bowsher, Caroline
245 ## - TITLE STATEMENT
Title Plant biochemistry
250 ## - EDITION STATEMENT
Edition statement 2nd
260 ## - PUBLICATION, DISTRIBUTION, ETC. (IMPRINT)
Name of publisher, distributor, etc CRC Press
Date of publication, distribution, etc 2021
Place of publication, distribution, etc Abingdon
300 ## - PHYSICAL DESCRIPTION
Pages xvi, 473
650 ## - Subject
Subject Plant Biochemistry
650 ## - Subject
Subject Biochemistry-Plants
650 ## - Subject
Subject Botany
700 ## - Added Entry Personal Name
Added Entry Personal Name Tobin, Alyson
942 ## - ADDED ENTRY ELEMENTS (KOHA)
Koha item type Books
Holdings
Withdrawn status Lost status Source of classification or shelving scheme Damaged status Not for loan Location (home branch) Sublocation or collection (holding branch) Date acquired Koha issues (times borrowed) Koha full call number Accession No. Koha date last seen Koha item type
    Dewey Decimal Classification     VIVEKANANDA LIBRARY VIVEKANANDA LIBRARY 17/02/2024   581.192 B687P(2) 409266 17/02/2024 Books
© Designed and Maintained by Vivekananda Library, MDU Rohtak